000
00243 a2200109 4500
001
60951
090
_c
37043
_d
37043
100
_a
PAF
245
_a
Communication Skills (Non GD Courses)
260
_a
PAF Base Maeroor
_b
PAF Press Masroor
300
_a
64p
942
_a
CAENUST
999
_c
296024
_d
296024